| 000 | 00571nam a2200229Ia 4500 | ||
|---|---|---|---|
| 003 | OSt | ||
| 005 | 20230330105744.0 | ||
| 008 | 210423s2005 xx 000 0 und d | ||
| 020 | _a340809159 | ||
| 040 | _cAL | ||
| 041 | _aeng | ||
| 082 | _a306.01 HILH | ||
| 100 |
_aHILLS (Matt) _980049 |
||
| 245 | _aHow to do things with cultural theory | ||
| 260 |
_aLondon _bHodder Arnold _c2005 |
||
| 300 |
_avi,208 _bPB |
||
| 365 | _b310 | ||
| 650 |
_aCulture _980050 |
||
| 650 |
_aSociology _980051 |
||
| 906 | _acultural ; do ; How ; theory ; things | ||
| 942 |
_2ddc _cBK |
||
| 999 |
_c157551 _d157551 |
||